[Event "BL 0809 SV Wattenscheid - SC Remagen"]
[Site "?"]
[Date "2008.12.13"]
[Round "8"]
[White "Handke, Florian"]
[Black "Grund, Holger"]
[Result "1-0"]
[WhiteElo "2498"]
[BlackElo "2431"]
[PlyCount "119"]
[EventDate "2008.??.??"]

1. e4 c6 2. d4 d5 3. e5 Bf5 4. Nf3 e6 5. Be2 Nd7 6. O-O h6 7. b3 Ne7 8. Bb2 a6
9. c4 b5 10. Ba3 Nb6 11. cxb5 cxb5 12. Qd2 Ng6 13. Bxf8 Nxf8 14. Nc3 Nfd7 15.
a4 b4 16. Nd1 a5 17. Ne3 Bh7 18. Rac1 O-O 19. Bd3 Bxd3 20. Qxd3 Qb8 21. h4 Qb7
22. Rc2 Rfc8 23. Rfc1 Rxc2 24. Rxc2 Rc8 25. g4 Rxc2 26. Qxc2 Qc8 27. Qxc8+ Nxc8
28. Ne1 f6 29. exf6 gxf6 30. f4 Ne7 31. Kf2 Kf7 32. Nf3 Nc6 33. h5 Ne7 34. Kg3
Nf8 35. g5 fxg5 36. fxg5 hxg5 37. Nxg5+ Kf6 38. Kf4 Nc6 39. Ng4+ Kg7 40. Nf3
Nh7 41. Nge5 Ne7 42. Ng4 Nc6 43. h6+ Kg8 44. Nge5 Ne7 45. Ng5 Nf8 46. Ng4 Nfg6+
47. Kf3 Nh4+ 48. Kf2 Nhf5 49. Nf6+ Kf8 50. Nxe6+ Kf7 51. h7 Ng6 52. Nh5 Nh8 53.
Nhf4 Kf6 54. Ke2 Ng3+ 55. Ke3 Nf1+ 56. Kf2 Nd2 57. Nc5 Kf5 58. Nxd5 Kg6 59. Ke2
Nb1 60. Nb7 1-0

[Event "BL 0809 Solinger SG - SG Turm Trier"]
[Site "?"]
[Date "2008.12.13"]
[Round "8"]
[White "Erdoes, Viktor"]
[Black "Werle, Jan"]
[Result "1/2-1/2"]
[WhiteElo "2576"]
[BlackElo "2582"]
[PlyCount "53"]
[EventDate "2008.??.??"]
[WhiteTeam "Trinidad und Tobago"]
[WhiteTeamCountry "TRI"]

1. d4 Nf6 2. c4 e6 3. Nc3 Bb4 4. e3 O-O 5. a3 Bxc3+ 6. bxc3 c5 7. Bd3 d5 8.
cxd5 exd5 9. Ne2 b6 10. O-O Ba6 11. f3 Bxd3 12. Qxd3 Re8 13. Ng3 Nc6 14. Bb2 c4
15. Qd2 Re6 16. Rae1 Qe7 17. Qf2 Rf8 18. Bc1 Kh8 19. Nf5 Qd7 20. g4 Ne7 21. Ng3
Nc8 22. g5 Ng8 23. e4 f6 24. gxf6 Rexf6 25. Qe2 Nce7 26. Kh1 R6f7 27. Bg5
1/2-1/2

[Event "BL 0809 Solinger SG - SG Turm Trier"]
[Site "?"]
[Date "2008.12.13"]
[Round "8"]
[White "Buhmann, Rainer"]
[Black "Flumbort, Andras"]
[Result "1/2-1/2"]
[WhiteElo "2541"]
[BlackElo "2489"]
[PlyCount "91"]
[EventDate "2008.??.??"]
[WhiteTeamCountry "TRI"]

1. Nf3 c5 2. c4 Nc6 3. d4 cxd4 4. Nxd4 Nf6 5. Nc3 e6 6. g3 Qb6 7. Ndb5 Ne5 8.
Bg2 a6 9. Qa4 Rb8 10. Be3 Bc5 11. Bxc5 Qxc5 12. Qa3 b6 13. Nd6+ Ke7 14. Qxc5
bxc5 15. Nxc8+ Rhxc8 16. b3 d5 17. cxd5 c4 18. b4 Rxb4 19. dxe6 fxe6 20. h3
Ned7 21. Rd1 Nb6 22. Rd2 Rc5 23. e4 Ra5 24. Ke2 Na4 25. Nxa4 Rbxa4 26. Rb1 Rxa2
27. Rb7+ Kf8 28. Rc7 Rxd2+ 29. Kxd2 Ra2+ 30. Ke3 Ra3+ 31. Kd4 Ra2 32. Bf1 Rxf2
33. Bxc4 Ne8 34. Rc6 Rf3 35. Rxa6 Rxg3 36. Ra8 Ke7 37. Ra7+ Kd8 38. Ra8+ Ke7
39. Ra7+ Kd8 40. Kc5 Rxh3 41. e5 Re3 42. Kd4 Re1 43. Ra8+ Ke7 44. Ra7+ Kd8 45.
Ra8+ Ke7 46. Ra7+ 1/2-1/2

[Event "BL 0809 Solinger SG - SG Turm Trier"]
[Site "?"]
[Date "2008.12.13"]
[Round "8"]
[White "Gonda, Laszlo"]
[Black "Naumann, Alexander"]
[Result "1/2-1/2"]
[WhiteElo "2507"]
[BlackElo "2518"]
[PlyCount "27"]
[EventDate "2008.??.??"]
[WhiteTeam "Trinidad und Tobago"]
[WhiteTeamCountry "TRI"]

1. d4 d5 2. c4 c6 3. Nc3 dxc4 4. e3 b5 5. a4 b4 6. Ne4 Qd5 7. Ng3 Nf6 8. Nf3
Ba6 9. Be2 Nbd7 10. O-O Qa5 11. Bd2 e6 12. Qc2 Be7 13. Bxc4 O-O 14. Bxa6
1/2-1/2

[Event "BL 0809 Solinger SG - SG Turm Trier"]
[Site "?"]
[Date "2008.12.13"]
[Round "8"]
[White "Ragger, Markus"]
[Black "Galyas, Miklos"]
[Result "1/2-1/2"]
[WhiteElo "2518"]
[BlackElo "2454"]
[PlyCount "49"]
[EventDate "2008.??.??"]
[WhiteTeamCountry "TRI"]

1. e4 e6 2. d4 d5 3. Nc3 Nc6 4. Nf3 Nf6 5. Bd3 Nb4 6. e5 Nxd3+ 7. Qxd3 Nd7 8.
Bg5 Be7 9. Bxe7 Qxe7 10. O-O O-O 11. Nb5 Nb8 12. c4 a6 13. Nc3 dxc4 14. Qxc4 b5
15. Qd3 Bb7 16. Ne4 Bd5 17. Rfe1 h6 18. Rac1 c6 19. Nc3 Rd8 20. Nxd5 Rxd5 21.
Qc3 Ra7 22. Nd2 Rad7 23. Nb3 Rd8 24. h3 b4 25. Qc4 1/2-1/2

[Event "BL 0809 Solinger SG - SG Turm Trier"]
[Site "?"]
[Date "2008.12.13"]
[Round "8"]
[White "Seger, Rüdiger"]
[Black "Ernst, Sipke"]
[Result "1/2-1/2"]
[WhiteElo "2394"]
[BlackElo "2576"]
[PlyCount "129"]
[EventDate "2008.??.??"]
[WhiteTeamCountry "TRI"]

1. e4 e5 2. Nf3 Nc6 3. Bb5 a6 4. Bxc6 dxc6 5. O-O Qf6 6. d4 exd4 7. Bg5 Qg6 8.
Qxd4 f6 9. Bf4 Bg4 10. Nbd2 Qf7 11. Rfe1 c5 12. Qc3 O-O-O 13. a4 Ne7 14. Be3
Nc6 15. Bxc5 Bxc5 16. Qxc5 Rhe8 17. Re3 Rd7 18. Rae1 Red8 19. Qc3 Qf8 20. h3
Bh5 21. Nc4 Qc5 22. b3 Nb4 23. g4 Bf7 24. Nb2 Qf8 25. Nd3 Nxd3 26. cxd3 h5 27.
gxh5 Qh8 28. Rc1 Qxh5 29. Nd4 Kb8 30. Ne2 Be6 31. Kh2 g5 32. Rc2 Qh6 33. d4 Bg4
34. d5 f5 35. exf5 Qd6+ 36. Qe5 Bxf5 37. Rd2 Qg6 38. Ng3 Bb1 39. b4 Qh6 40. Rd4
Bg6 41. Ne4 Bxe4 42. Qxe4 Rf7 43. Rf3 Rg7 44. Qf5 Rgg8 45. Qf6 Qh7 46. Kg2 Qd7
47. Rg3 Qxa4 48. Rxg5 Rgf8 49. Qe5 Qc2 50. Qg3 Rf6 51. Rgg4 Rf7 52. h4 Qh7 53.
d6 c6 54. Rg6 Ka7 55. Qg5 Rdf8 56. d7 Rxf2+ 57. Kg3 Qf7 58. Rd3 Rf3+ 59. Rxf3
Qxf3+ 60. Kh2 Qf2+ 61. Kh1 Qf3+ 62. Kh2 Qf2+ 63. Kh1 Qf3+ 64. Kh2 Qf2+ 65. Kh1
1/2-1/2

[Event "BL 0809 Solinger SG - SG Turm Trier"]
[Site "?"]
[Date "2008.12.13"]
[Round "8"]
[White "Hoffmann, Michael"]
[Black "Cioara, Andrei Nestor"]
[Result "1/2-1/2"]
[WhiteElo "2469"]
[BlackElo "2452"]
[PlyCount "49"]
[EventDate "2008.??.??"]
[WhiteTeamCountry "TRI"]

1. d4 e6 2. c4 Nf6 3. g3 d5 4. Nf3 Be7 5. Bg2 O-O 6. O-O dxc4 7. Qc2 a6 8. Qxc4
b5 9. Qc2 Bb7 10. Bd2 Be4 11. Qc1 Nbd7 12. Ba5 Ra7 13. Qe3 Qa8 14. Rc1 Rc8 15.
Nbd2 Bd5 16. Rc2 c5 17. Rac1 Ne4 18. Nxe4 Bxe4 19. Ne1 Bxg2 20. Nxg2 c4 21. b3
Ba3 22. Rf1 Bd6 23. Rfc1 Ba3 24. Rf1 Bd6 25. Rfc1 1/2-1/2

[Event "BL 0809 Werder Bremen - Bayern München"]
[Site "Tegernsee GER"]
[Date "2008.12.14"]
[Round "9"]
[White "Bezold, Michael"]
[Black "McShane, Luke"]
[Result "1/2-1/2"]
[WhiteElo "2513"]
[BlackElo "2596"]
[PlyCount "31"]
[EventDate "2008.10.03"]
[EventType "team"]
[EventRounds "15"]
[EventCountry "GER"]
[Source "Mark Crowther"]
[SourceDate "2008.12.15"]
[WhiteTeamCountry "TRI"]

1. c4 e5 2. Nc3 Nf6 3. e3 g6 4. Nf3 d6 5. d4 Qe7 6. Be2 Bg7 7. b4 O-O 8. O-O e4
9. Nd2 h5 10. a4 Bf5 11. b5 Nbd7 12. Ba3 Rfe8 13. Nb3 Rac8 14. Na5 Ng4 15. Nxb7
Qh4 16. h3 1/2-1/2

[Event "BL 0809 Werder Bremen - Bayern München"]
[Site "Tegernsee GER"]
[Date "2008.12.14"]
[Round "9"]
[White "Efimenko, Zahar"]
[Black "Jorczik, Julian"]
[Result "1-0"]
[WhiteElo "2680"]
[BlackElo "2382"]
[PlyCount "83"]
[EventDate "2008.10.03"]
[EventType "team"]
[EventRounds "15"]
[EventCountry "GER"]
[Source "Mark Crowther"]
[SourceDate "2008.12.15"]
[WhiteTeamCountry "TRI"]

1. e4 c6 2. d4 d5 3. e5 Bf5 4. Nd2 e6 5. Nb3 Nd7 6. Nf3 h6 7. Be2 Ne7 8. O-O
Bh7 9. Bd2 Ng6 10. a4 Be7 11. a5 O-O 12. c4 dxc4 13. Bxc4 Qb8 14. Re1 Rd8 15.
Qe2 Kh8 16. Rac1 a6 17. g3 Bf8 18. h4 Qa7 19. Be3 Qb8 20. Bd3 Be7 21. h5 Ngf8
22. Red1 Qc7 23. Bxh7 Nxh7 24. Nfd2 Rac8 25. Nc4 Qb8 26. Nbd2 b5 27. axb6 Nxb6
28. Nxb6 Qxb6 29. d5 Qxb2 30. d6 Bf8 31. f4 f6 32. Rb1 Qa2 33. Qc4 Qa3 34. Rb3
Qa2 35. Rc3 Qa5 36. Nb3 Qb5 37. Qxb5 axb5 38. Bb6 b4 39. Rc4 fxe5 40. Bxd8 Rxd8
41. fxe5 Ng5 42. Kg2 1-0

[Event "BL 0809 Werder Bremen - Bayern München"]
[Site "Tegernsee GER"]
[Date "2008.12.14"]
[Round "9"]
[White "Reiss, Tibor"]
[Black "Areshchenko, Alexander"]
[Result "0-1"]
[WhiteElo "2403"]
[BlackElo "2664"]
[PlyCount "102"]
[EventDate "2008.10.03"]
[EventType "team"]
[EventRounds "15"]
[EventCountry "GER"]
[Source "Mark Crowther"]
[SourceDate "2008.12.15"]
[WhiteTeamCountry "TRI"]

1. d4 Nf6 2. c4 g6 3. Nc3 Bg7 4. e4 d6 5. Be2 O-O 6. Be3 Na6 7. g4 c5 8. d5 e6
9. g5 Ne8 10. Qd2 Nac7 11. h4 exd5 12. exd5 b5 13. cxb5 a6 14. bxa6 Bxa6 15.
Bxa6 Rxa6 16. Nge2 Qd7 17. h5 Nb5 18. Rh4 Nec7 19. Rc1 Nxc3 20. Nxc3 Qf5 21.
hxg6 hxg6 22. Kf1 Re8 23. a3 Rb6 24. b4 cxb4 25. axb4 Rb7 26. Qc2 Qf3 27. Qe2
Qxe2+ 28. Kxe2 Bxc3 29. Rxc3 Nxd5 30. Rd3 Rb5 31. Kf3 Nxe3 32. fxe3 Rxg5 33.
Rxd6 Rg1 34. Rb6 Re1 35. e4 Rc8 36. Kf2 Rb1 37. e5 Rc2+ 38. Ke3 Re1+ 39. Kd4
Rd2+ 40. Kc3 Rde2 41. Rb8+ Kg7 42. b5 Re3+ 43. Kc4 Rxe5 44. b6 Rc1+ 45. Kd3
Rd5+ 46. Ke3 Rc3+ 47. Ke2 Rb5 48. Rf4 g5 49. Rf1 Rb2+ 50. Kd1 Rc6 51. Rf5 f6
0-1

[Event "BL 0809 Werder Bremen - Bayern München"]
[Site "Tegernsee GER"]
[Date "2008.12.14"]
[Round "9"]
[White "Fressinet, Laurent"]
[Black "Renner, Christoph"]
[Result "0-1"]
[WhiteElo "2676"]
[BlackElo "2422"]
[PlyCount "76"]
[EventDate "2008.10.03"]
[EventType "team"]
[EventRounds "15"]
[EventCountry "GER"]
[Source "Mark Crowther"]
[SourceDate "2008.12.15"]
[WhiteTeamCountry "TRI"]

1. d4 f5 2. g3 Nf6 3. Bg2 g6 4. Nf3 Bg7 5. O-O O-O 6. b4 Nc6 7. b5 Na5 8. Qd3
d5 9. Nbd2 Be6 10. Ba3 a6 11. Ng5 Bd7 12. Qe3 Bh6 13. f4 Re8 14. bxa6 Rxa6 15.
c4 dxc4 16. Bb4 Nc6 17. Bc3 Ng4 18. Qf3 Bg7 19. Kh1 h6 20. Nh3 b5 21. Qd5+ Kh7
22. Qxb5 Rb6 23. Qc5 Ne3 24. Nxc4 Nxg2 25. Kxg2 Nxd4 26. Ne5 Nxe2 27. Rfd1 Qa8+
28. Kf2 Nxc3 29. Qxc3 Be6 30. Ng1 Qa7 31. Kf1 Rd6 32. Ne2 Red8 33. Rdc1 Rd2 34.
Rc2 Rd1+ 35. Rxd1 Rxd1+ 36. Kg2 Bd5+ 37. Kh3 Qf2 38. Nc1 Bg2+ 0-1

[Event "BL 0809 Werder Bremen - Bayern München"]
[Site "Tegernsee GER"]
[Date "2008.12.14"]
[Round "9"]
[White "Meissner, Bernd"]
[Black "Hracek, Zbynek"]
[Result "0-1"]
[WhiteElo "2418"]
[BlackElo "2613"]
[PlyCount "50"]
[EventDate "2008.10.03"]
[EventType "team"]
[EventRounds "15"]
[EventCountry "GER"]
[Source "Mark Crowther"]
[SourceDate "2008.12.15"]
[WhiteTeamCountry "TRI"]

1. d4 Nf6 2. c4 e6 3. Nf3 b6 4. a3 Bb7 5. Nc3 Ne4 6. Nxe4 Bxe4 7. Nd2 Bb7 8. e4
Qf6 9. d5 Bd6 10. Rb1 O-O 11. Bd3 c6 12. O-O cxd5 13. exd5 exd5 14. cxd5 Qe5
15. Nf3 Qxd5 16. Bxh7+ Kxh7 17. Ng5+ Kg8 18. Qxd5 Bxd5 19. Rd1 Re8 20. Be3 Re5
21. h4 Be7 22. Bf4 Rf5 23. Bxb8 Rxb8 24. g4 Re5 25. f4 Bc5+ 0-1

[Event "BL 0809 Werder Bremen - Bayern München"]
[Site "Tegernsee GER"]
[Date "2008.12.14"]
[Round "9"]
[White "Nyback, Tomi"]
[Black "Reich, Thomas"]
[Result "1-0"]
[WhiteElo "2634"]
[BlackElo "2404"]
[PlyCount "81"]
[EventDate "2008.10.03"]
[EventType "team"]
[EventRounds "15"]
[EventCountry "GER"]
[Source "Mark Crowther"]
[SourceDate "2008.12.15"]
[WhiteTeamCountry "TRI"]

1. d4 Nf6 2. c4 g6 3. Nc3 Bg7 4. e4 O-O 5. Nf3 c5 6. d5 d6 7. h3 e6 8. Bd3 exd5
9. exd5 Re8+ 10. Be3 Rxe3+ 11. fxe3 Qe7 12. Qd2 Nfd7 13. O-O Ne5 14. Nxe5 Bxe5
15. Rf3 Bd7 16. Qf2 Be8 17. Bc2 Bg7 18. Rf1 Nd7 19. Rf4 Ne5 20. Qe2 a6 21. a4
a5 22. g4 Nd7 23. Ne4 Bxb2 24. Rb1 Be5 25. Rxb7 Rb8 26. Rxb8 Nxb8 27. Qd2 Na6
28. Qxa5 Bxf4 29. Qxa6 Bxe3+ 30. Kg2 Bf4 31. Qc8 Kg7 32. a5 Ba4 33. Bd3 Bb3 34.
Kf3 Bc1 35. Qb8 Bd1+ 36. Kg2 Be2 37. Qxd6 Qxd6 38. Nxd6 Bxd3 39. a6 Bf4 40. a7
Bxd6 41. a8=Q 1-0

[Event "BL 0809 Werder Bremen - Bayern München"]
[Site "Tegernsee GER"]
[Date "2008.12.14"]
[Round "9"]
[White "Rodewis, Thomas"]
[Black "Babula, Vlastimil"]
[Result "1/2-1/2"]
[WhiteElo "2376"]
[BlackElo "2608"]
[PlyCount "94"]
[EventDate "2008.10.03"]
[EventType "team"]
[EventRounds "15"]
[EventCountry "GER"]
[Source "Mark Crowther"]
[SourceDate "2008.12.15"]
[WhiteTeamCountry "TRI"]

1. d4 Nf6 2. c4 e6 3. Nf3 b6 4. Nc3 Bb7 5. Bg5 h6 6. Bh4 Be7 7. e3 O-O 8. Be2
d5 9. cxd5 Nxd5 10. Bxe7 Qxe7 11. Rc1 Rc8 12. O-O c5 13. Ne5 Nf6 14. Bf3 Na6
15. Bxb7 Qxb7 16. Qf3 Qxf3 17. Nxf3 cxd4 18. Nxd4 Nc5 19. Rfd1 a6 20. f3 b5 21.
b4 Ncd7 22. a4 bxa4 23. Nxa4 Rxc1 24. Rxc1 Nd5 25. e4 Nxb4 26. Rc7 Ne5 27. Kf2
Rd8 28. Ke3 g5 29. Nb2 Rd6 30. Rc5 Nec6 31. Nb3 Kg7 32. Nd2 Rd8 33. g3 Kg6 34.
h4 f5 35. hxg5 hxg5 36. Ndc4 Nc2+ 37. Kf2 N2d4 38. Nd3 Kf6 39. exf5 exf5 40.
Ne3 Ne7 41. Nb4 Rb8 42. Nbd5+ Nxd5 43. Rxd5 Rb2+ 44. Kf1 Rb1+ 45. Kf2 Rb2+ 46.
Kf1 Rb1+ 47. Kf2 Rb2+ 1/2-1/2

[Event "BL 0809 Werder Bremen - Bayern München"]
[Site "Tegernsee GER"]
[Date "2008.12.14"]
[Round "9"]
[White "Fish, Gennadij"]
[Black "Deglmann, Ludwig"]
[Result "1/2-1/2"]
[WhiteElo "2531"]
[BlackElo "2342"]
[PlyCount "60"]
[EventDate "2008.10.03"]
[EventType "team"]
[EventRounds "15"]
[EventCountry "GER"]
[Source "Mark Crowther"]
[SourceDate "2008.12.15"]
[WhiteTeamCountry "TRI"]

1. e4 e6 2. d4 d5 3. e5 c5 4. c3 Nc6 5. Nf3 Qb6 6. a3 Nh6 7. b4 cxd4 8. cxd4
Nf5 9. Bb2 Bd7 10. Be2 Rc8 11. O-O Be7 12. Qd2 O-O 13. Rd1 Nh4 14. Nxh4 Bxh4
15. Nc3 Qd8 16. g3 Be7 17. Qe3 f6 18. exf6 Rxf6 19. Bg4 Bd6 20. Ne2 Ne7 21.
Rac1 Rxc1 22. Nxc1 Nf5 23. Qc3 Rf8 24. Qd2 Qf6 25. Nd3 Qg6 26. Bxf5 Qxf5 27.
Re1 Rc8 28. Nc5 Rc7 29. Nxd7 Rxd7 30. Qe2 Kf7 1/2-1/2

[Event "BL 0809 Turm Emsdetten - TV Tegernsee"]
[Site "Tegernsee GER"]
[Date "2008.12.14"]
[Round "9"]
[White "Volokitin, Andrei"]
[Black "Mchedlishvili, Mikheil"]
[Result "1/2-1/2"]
[WhiteElo "2659"]
[BlackElo "2615"]
[PlyCount "84"]
[EventDate "2008.10.03"]
[EventType "team"]
[EventRounds "15"]
[EventCountry "GER"]
[Source "Mark Crowther"]
[SourceDate "2008.12.15"]
[WhiteTeamCountry "TRI"]

1. e4 c6 2. d4 d5 3. Nc3 dxe4 4. Nxe4 Bf5 5. Ng3 Bg6 6. N1e2 e6 7. Nf4 Qc7 8.
c3 Bd6 9. Ngh5 Bxh5 10. Nxh5 g6 11. Ng3 Nf6 12. Qf3 Nbd7 13. Be2 h5 14. Bg5 Nd5
15. Ne4 Bf4 16. Bh4 Ne7 17. Bd3 Kf8 18. Bg5 Bxg5 19. Nxg5 Nf5 20. Bxf5 exf5 21.
O-O-O Kg7 22. d5 Nf6 23. d6 Qd7 24. c4 Rhe8 25. Qc3 c5 26. Rd2 a6 27. Rhd1 b5
28. b3 bxc4 29. bxc4 Rab8 30. Rb2 Rxb2 31. Qxb2 Qa4 32. Qc3 Qxa2 33. Nf3 Rb8
34. Nd2 Qa4 35. f3 Rb6 36. g4 hxg4 37. fxg4 fxg4 38. Qe5 Qa3+ 39. Kc2 Qa4+ 40.
Kc1 Qa3+ 41. Kc2 Qa2+ 42. Kc1 Qa3+ 1/2-1/2

[Event "BL 0809 Turm Emsdetten - TV Tegernsee"]
[Site "Tegernsee GER"]
[Date "2008.12.14"]
[Round "9"]
[White "Hector, Jonny"]
[Black "Khenkin, Igor"]
[Result "0-1"]
[WhiteElo "2551"]
[BlackElo "2647"]
[PlyCount "88"]
[EventDate "2008.10.03"]
[EventType "team"]
[EventRounds "15"]
[EventCountry "GER"]
[Source "Mark Crowther"]
[SourceDate "2008.12.15"]
[WhiteTeamCountry "TRI"]

1. e4 c6 2. d4 d5 3. e5 c5 4. c4 cxd4 5. Nf3 Bg4 6. Qxd4 Bxf3 7. gxf3 Nc6 8.
Qxd5 e6 9. Qe4 Bb4+ 10. Bd2 Bxd2+ 11. Nxd2 Qa5 12. O-O-O O-O-O 13. f4 Qxa2 14.
Rg1 Rd4 15. Qb1 Qxb1+ 16. Nxb1 Rxf4 17. Nc3 Nge7 18. Rxg7 Nxe5 19. Bd3 h6 20.
Be4 Rxf2 21. Nb5 N7c6 22. c5 a6 23. Nd6+ Kc7 24. Bxc6 Kxc6 25. Ne4 Rf4 26. Rd6+
Kc7 27. Nc3 Nd7 28. b4 b6 29. Na4 bxc5 30. Rxa6 cxb4 31. Kb2 Rb8 32. Rg1 Rc4
33. Rf1 Ne5 34. Ra5 Re4 35. Rc1+ Kd8 36. Rd1+ Ke8 37. Kb1 Rd8 38. Rg1 Kf8 39.
Nc5 Re2 40. Ra7 Nf3 41. Rc1 Nd2+ 42. Ka1 Rd5 43. Ra8+ Ke7 44. Ra7+ Kf6 0-1

[Event "BL 0809 Turm Emsdetten - TV Tegernsee"]
[Site "Tegernsee GER"]
[Date "2008.12.14"]
[Round "9"]
[White "Sokolov, Andrei"]
[Black "Feygin, Michael"]
[Result "1/2-1/2"]
[WhiteElo "2559"]
[BlackElo "2569"]
[PlyCount "57"]
[EventDate "2008.10.03"]
[EventType "team"]
[EventRounds "15"]
[EventCountry "GER"]
[Source "Mark Crowther"]
[SourceDate "2008.12.15"]
[WhiteTeamCountry "TRI"]

1. e4 e6 2. d4 d5 3. Nd2 Nf6 4. Bd3 c5 5. e5 Nfd7 6. c3 Nc6 7. Ne2 cxd4 8. cxd4
f6 9. exf6 Nxf6 10. Nf3 Bd6 11. O-O Qc7 12. Bg5 O-O 13. Rc1 Bd7 14. a3 Be8 15.
Ng3 Bh5 16. Nxh5 Nxh5 17. Ne5 Bxe5 18. Bxh7+ Kxh7 19. Qxh5+ Kg8 20. dxe5 Qxe5
21. Rc3 Qf5 22. Rh3 Ne5 23. f4 Nf7 24. g4 Qe4 25. f5 Nxg5 26. Qh8+ Kf7 27. Qh5+
Kg8 28. Qh8+ Kf7 29. Qh5+ 1/2-1/2

[Event "BL 0809 Turm Emsdetten - TV Tegernsee"]
[Site "Tegernsee GER"]
[Date "2008.12.14"]
[Round "9"]
[White "Pruijssers, Roland"]
[Black "Bischoff, Klaus"]
[Result "1/2-1/2"]
[WhiteElo "2458"]
[BlackElo "2545"]
[PlyCount "38"]
[EventDate "2008.10.03"]
[EventType "team"]
[EventRounds "15"]
[EventCountry "GER"]
[Source "Mark Crowther"]
[SourceDate "2008.12.15"]
[WhiteTeamCountry "TRI"]

1. e4 c5 2. Nf3 e6 3. d4 cxd4 4. Nxd4 a6 5. Bd3 Bc5 6. Nb3 Be7 7. Qg4 g6 8. Qe2
d6 9. c4 Qc7 10. O-O Nd7 11. Nc3 b6 12. f4 Ngf6 13. Bd2 Bb7 14. Rae1 h5 15. f5
gxf5 16. exf5 e5 17. Ne4 Rg8 18. h3 Nxe4 19. Bxe4 Nf6 1/2-1/2

[Event "BL 0809 Turm Emsdetten - TV Tegernsee"]
[Site "Tegernsee GER"]
[Date "2008.12.14"]
[Round "9"]
[White "Teske, Henrik"]
[Black "Giri, Anish"]
[Result "0-1"]
[WhiteElo "2513"]
[BlackElo "2466"]
[PlyCount "74"]
[EventDate "2008.10.03"]
[EventType "team"]
[EventRounds "15"]
[EventCountry "GER"]
[Source "Mark Crowther"]
[SourceDate "2008.12.15"]
[WhiteTeamCountry "TRI"]

1. d4 Nf6 2. c4 c5 3. Nf3 cxd4 4. Nxd4 Nc6 5. Nc3 g6 6. g3 d6 7. Bg2 Bd7 8. O-O
Bg7 9. b3 Qa5 10. Bb2 Qh5 11. Nd5 Nxd5 12. cxd5 Nxd4 13. Bxd4 O-O 14. Bxg7 Kxg7
15. Qd4+ f6 16. Rac1 Rfc8 17. Rxc8 Rxc8 18. Qxa7 Qxe2 19. Qxb7 Bf5 20. a4 Rc2
21. Qb4 Kf7 22. Qd4 Ra2 23. h4 Bc2 24. Qc3 Qe5 25. Qb4 Qb2 26. Qe1 Qe5 27. Qb4
Qb2 28. Qf4 Bxb3 29. Qh6 f5 30. h5 Qg7 31. Qe3 Bxa4 32. Re1 Kf8 33. Kh2 Be8 34.
Rc1 gxh5 35. Rc8 h4 36. gxh4 Ra4 37. Bh3 Rxh4 0-1

[Event "BL 0809 Turm Emsdetten - TV Tegernsee"]
[Site "Tegernsee GER"]
[Date "2008.12.14"]
[Round "9"]
[White "Kabatianski, Alexander"]
[Black "Kindermann, Stefan"]
[Result "1/2-1/2"]
[WhiteElo "2436"]
[BlackElo "2517"]
[PlyCount "58"]
[EventDate "2008.10.03"]
[EventType "team"]
[EventRounds "15"]
[EventCountry "GER"]
[Source "Mark Crowther"]
[SourceDate "2008.12.15"]
[WhiteTeamCountry "TRI"]

1. d4 d5 2. c4 c6 3. Nc3 Nf6 4. e3 a6 5. Bd3 e6 6. Nf3 dxc4 7. Bxc4 b5 8. Bd3
c5 9. a4 b4 10. Ne4 Nbd7 11. O-O Bb7 12. Nxf6+ Nxf6 13. dxc5 Bxc5 14. Qe2 Qd5
15. Rd1 Qh5 16. h3 Bxf3 17. Qxf3 Qxf3 18. gxf3 a5 19. b3 Ke7 20. Bb2 Bb6 21.
Rac1 Rac8 22. Kf1 Rhd8 23. Ke2 g6 24. Ba6 Rxd1 25. Kxd1 Rxc1+ 26. Kxc1 Nd5 27.
Kd2 Nc3 28. Bxc3 bxc3+ 29. Kxc3 Bc5 1/2-1/2

[Event "BL 0809 Turm Emsdetten - TV Tegernsee"]
[Site "Tegernsee GER"]
[Date "2008.12.14"]
[Round "9"]
[White "Hertneck, Gerald"]
[Black "Richter, Christian"]
[Result "1/2-1/2"]
[WhiteElo "2519"]
[BlackElo "2403"]
[PlyCount "173"]
[EventDate "2008.10.03"]
[EventType "team"]
[EventRounds "15"]
[EventCountry "GER"]
[Source "Mark Crowther"]
[SourceDate "2008.12.15"]
[WhiteTeamCountry "TRI"]

1. d4 Nf6 2. Bg5 e6 3. Nd2 h6 4. Bh4 c5 5. e3 cxd4 6. exd4 Be7 7. c3 d6 8. Bd3
Nbd7 9. Ne2 b6 10. O-O Bb7 11. a4 a6 12. Re1 O-O 13. f3 Re8 14. Bf2 Qc7 15. Ne4
Bf8 16. Bh4 Be7 17. Bg3 Nh5 18. Bf2 Nf8 19. Bc2 Bd5 20. Nc1 Nf6 21. Nd3 Bb7 22.
Nxf6+ Bxf6 23. Nf4 Bg5 24. Nh5 Bd5 25. f4 Be7 26. f5 exf5 27. Bxf5 g6 28. Nf4
Bb7 29. Be4 Bxe4 30. Rxe4 Qc6 31. d5 Qd7 32. Bxb6 Bd8 33. Rb4 a5 34. Rb5 Bxb6+
35. Rxb6 Qa7 36. Qd4 Re4 37. Qxe4 Qxb6+ 38. Qd4 Qxb2 39. Re1 Rc8 40. Re3 Nd7
41. Nd3 Qb6 42. Re7 Qxd4+ 43. cxd4 Nb6 44. Ra7 Rc3 45. Nf4 Rc4 46. Rxa5 Rxd4
47. Ra6 Nxd5 48. Nxd5 Rxd5 49. Ra8+ Kg7 50. a5 Kf6 51. a6 Ra5 52. a7 Ke7 53.
Kf2 Ra3 54. g4 Kf6 55. h4 h5 56. gxh5 gxh5 57. Rd8 Rxa7 58. Rxd6+ Kf5 59. Rd4
Ra2+ 60. Kf3 Ra3+ 61. Kf2 Rc3 62. Ra4 Rd3 63. Rb4 f6 64. Ra4 Ke5 65. Ra5+ Rd5
66. Ra4 Rb5 67. Kf3 Rb3+ 68. Kg2 Rb2+ 69. Kf3 Rb3+ 70. Kg2 f5 71. Ra5+ Kf4 72.
Ra4+ Ke3 73. Kg3 Rd3 74. Rf4 Rd5 75. Rf1 Ke4 76. Re1+ Kd4 77. Kf4 Kc5 78. Re5
Rxe5 79. Kxe5 Kc6 80. Kxf5 Kd7 81. Kg5 Ke7 82. Kxh5 Kf7 83. Kh6 Kg8 84. Kg6 Kh8
85. h5 Kg8 86. h6 Kh8 87. h7 1/2-1/2

[Event "BL 0809 Turm Emsdetten - TV Tegernsee"]
[Site "Tegernsee GER"]
[Date "2008.12.14"]
[Round "9"]
[White "Zumsande, Martin"]
[Black "Stangl, Markus"]
[Result "1/2-1/2"]
[WhiteElo "2411"]
[BlackElo "2458"]
[PlyCount "93"]
[EventDate "2008.10.03"]
[EventType "team"]
[EventRounds "15"]
[EventCountry "GER"]
[Source "Mark Crowther"]
[SourceDate "2008.12.15"]
[WhiteTeamCountry "TRI"]

1. e4 c5 2. c3 e6 3. d4 d5 4. exd5 exd5 5. Nf3 Nc6 6. Bb5 Bd6 7. O-O Nge7 8.
dxc5 Bxc5 9. Nbd2 O-O 10. Nb3 Bb6 11. Bd3 Bf5 12. Re1 Qd7 13. Be3 Bxe3 14. Rxe3
Rad8 15. Qd2 Qc7 16. Rae1 Bxd3 17. Qxd3 Ng6 18. g3 Qc8 19. Nbd4 Rd6 20. Qf5
Qxf5 21. Nxf5 Re6 22. Rd1 Nge7 23. Nxe7+ Nxe7 24. Red3 Rc8 25. Kf1 h6 26. Ne1
Ra6 27. a3 Rb6 28. R1d2 Rd6 29. Ng2 b5 30. Ne3 Rcd8 31. Ke2 f6 32. f4 f5 33.
Kf3 g6 34. Nc2 Nc6 35. Nd4 Nxd4+ 36. Rxd4 Kf7 37. a4 bxa4 38. Rxa4 a6 39. Rb4
Re8 40. Rbd4 Rb8 41. Ra4 Rb3 42. Ke3 Re6+ 43. Kd3 Reb6 44. Kd4 Rxb2 45. Rxb2
Rxb2 46. Rxa6 Rxh2 47. Ra7+ 1/2-1/2

[Event "BL 0809 Hamburger SK - SF Katernberg"]
[Site "Katernberg GER"]
[Date "2008.12.14"]
[Round "9"]
[White "Kempinski, Robert"]
[Black "Laznicka, Viktor"]
[Result "1-0"]
[WhiteElo "2595"]
[BlackElo "2591"]
[PlyCount "71"]
[EventDate "2008.10.03"]
[EventType "team"]
[EventRounds "15"]
[EventCountry "GER"]
[Source "Mark Crowther"]
[SourceDate "2008.12.15"]
[WhiteTeamCountry "TRI"]

1. d4 d5 2. c4 c6 3. Nf3 Nf6 4. Nc3 a6 5. e3 b5 6. c5 Nbd7 7. Bd2 a5 8. a3 Ne4
9. Bd3 Nxd2 10. Qxd2 g6 11. e4 dxe4 12. Bxe4 Ra6 13. O-O Bg7 14. Rfe1 O-O 15.
Qe3 Re8 16. Bd3 Nf6 17. a4 b4 18. Bxa6 Bxa6 19. Ne4 Nd5 20. Qd2 Qc7 21. Rad1
Rd8 22. Qc2 Nf4 23. Ng3 Rd5 24. Nf1 Kf8 25. Qe4 Ne6 26. Ne3 Rd8 27. g3 h5 28.
b3 Bf6 29. h4 Bc8 30. Nc4 Ng7 31. Nfe5 Bb7 32. Qf4 Qc8 33. Nxa5 Ba8 34. Nac4
Qh3 35. Qe4 Bb7 36. Qg2 1-0